00786nam a2200217 i 4500003000900000005001700009007000300026008004100029040003000070082001300100100003600113245011300149264005200262300004400314336002700358337003400385338002800419490003800447700004000485700004300525DO-SdBNP20240624091055.0ta240409s1998 dr a 000 j spa d aDO-SdBNPbspacBNPHUerda 4bV5312221 aVerne, Julio,d1828-1905eautor13aLa isla misteriosa /cJulio Verne : ilustraciones, Gorka Echevarrieta : versión, María Isabel Plaz-Power 1aSanto Domingo :bPanapo,bAlfa & Omega, c1998. a110 páginas, bilustracionesc23 cm. 2rdacontentatextobtxt 2rdamediaasin mediación bn 2rdacarrieravolumenbnc aClásicos Universales, Tobogán1 aEchevarrieta, Gorka.eilustraciones1 aPlaz Power, María Isabel,eversión